| 000 | 00830nam a2200241 a 4500 | ||
|---|---|---|---|
| 999 |
_c12630 _d12630 |
||
| 001 | 12630 | ||
| 003 | BD-JhCC | ||
| 005 | 20221022130618.0 | ||
| 008 | 221022s2020 bg |||| |||| 000 0 ban d | ||
| 020 | _a9789845043809 | ||
| 035 | _a(BD-JhCC)12630 | ||
| 040 |
_aBD-JhCC _dBD-JhCC |
||
| 041 | _aBangla | ||
| 082 |
_a891.443 _bBOR 2022 |
||
| 100 | _aবরা, গীতালি | ||
| 245 |
_aবুদ্ধজায়া / _cগীতালি বরা; নন্দিতা ভট্টাচার্য্য (অনু.) |
||
| 260 |
_aঢাকা : _bমূর্ধন্য, _c২০২২ |
||
| 300 |
_a২৩৬ পৃ. : _c২২ সেমি. |
||
| 650 | _aYaśodharā (Wife of Gautama Buddha) | ||
| 650 | _aNovel | ||
| 700 | _aভট্টাচার্য্য, নন্দিতা | ||
| 942 |
_2ddc _cBK |
||